000 00563nam a2200205Ia 4500
005 20230114110035.0
008 131103s9999 xx 000 0 und d
020 _a416352308
040 _aLoreto College
041 _aEnglish
082 _a821.409
_bNUT
100 _aNuttall, A.D.
245 _aOverheard by god
_b fiction and prayer in Herbert, Milton, Dante and St. John
_cA.D. Nuttall
260 _aLondon
_bMethune
_c1983
300 _ax,147p.
504 _aIncludes index
650 _aEnglish poetry - Criticism
850 _aLCLIB
942 _cBK
999 _c21317
_d71796